Expository outlines on the whole Bible; vol. 3. (Record no. 15531)

000 -LEADER
fixed length control field 00601nam a2200193 a 4500
001 - CONTROL NUMBER
control field :::00014373$&:&@@
003 - CONTROL NUMBER IDENTIFIER
control field OkBaRHE
005 - DATE AND TIME OF LATEST TRANSACTION
control field 20000830103527.0
008 - FIXED-LENGTH DATA ELEMENTS--GENERAL INFORMATION
fixed length control field s1956 j 000 0 eng u
040 ## - CATALOGING SOURCE
Transcribing agency
100 1# - MAIN ENTRY--PERSONAL NAME
Personal name Simeon, Charles.
245 10 - TITLE STATEMENT
Title Expository outlines on the whole Bible; vol. 3.
260 ## - PUBLICATION, DISTRIBUTION, ETC. (IMPRINT)
Place of publication, distribution, etc Grand Rapids, MI., :
Name of publisher, distributor, etc Zondervan Publishing House
Date of publication, distribution, etc 1956
300 ## - PHYSICAL DESCRIPTION
Extent 21 cm.
650 ## - SUBJECT ADDED ENTRY--TOPICAL TERM
Topical term or geographic name as entry element Bible
General subdivision Sermons
-- Outlines
650 ## - SUBJECT ADDED ENTRY--TOPICAL TERM
Topical term or geographic name as entry element Sermons
General subdivision Outlines
942 ## - ADDED ENTRY ELEMENTS (KOHA)
Source of classification or shelving scheme
Koha item type Books
Copies
Price effective from Date last seen Source of classification or shelving scheme Lost status Copy number Not for loan Shelving location Withdrawn status Koha item type Permanent Location Full call number Date acquired Barcode Damaged status
2010-04-142010-04-14  1 General Stacks BooksRHEMA Bible Training CollegeBS 511 .S5332010-04-1414373